[Event "4th Gideon Japhet Mem Op"]
[Site "Jerusalem ISR"]
[Date "2018.07.01"]
[Round "1.1"]
[White "Naiditsch, Arkadij"]
[Black "Zlatin, Alexander"]
[Result "1-0"]
[WhiteTitle "GM"]
[WhiteElo "2697"]
[BlackElo "2205"]
[WhiteFideId "4650891"]
[BlackFideId "2810549"]
[EventDate "2018.07.01"]

1. e4 e5 2. Nf3 Nc6 3. Bb5 a6 4. Ba4 Nf6 5. d3 b5 6. Bb3 Bc5 7. Nc3 h6 8. Nd5
O-O 9. c3 d6 10. Nxf6+ Qxf6 11. Bd5 Bd7 12. Rg1 h5 13. h3 Rae8 14. g4 Ne7 15. g5
Qg6 16. Nh4 Nxd5 17. Nxg6 fxg6 18. Rg2 Nf4 19. Bxf4 Rxf4 20. Rh2 Ref8 21. Qc2
Kh7 22. Rd1 Rf3 23. d4 exd4 24. cxd4 Bb6 25. a3 Be6 26. Rd3 R3f4 27. Rc3 Bc4 28.
d5 Re8 29. f3 Ba5 30. Kd1 Bf1 31. Re3 Bb6 32. Rc3 Ref8 33. Rxc7 Rxf3 34. Qc6 Bd4
35. Qxd6 Bd3 36. Qe7 b4 37. e5 Rg8 38. axb4 Be3 39. Re2 Bf4 40. Rc3 Rc8 41. Rxc8
Rf1+ 42. Re1 Rf2 43. Qf7 Rd2+ 44. Kc1 Rc2+ 45. Kb1 Rc7+ 46. Ka2 Rxf7 47. d6 Rb7
48. b3 Bf5 49. Rf8 Bd2 50. e6 Bxe1 51. Rxf5 Bxb4 52. e7 Rb8 53. Rf8 Bxd6 54.
Rxb8 Bxe7 55. h4 Bd6 56. Re8 a5 57. Kb2 Bg3 58. Re4 Kg8 59. Ka3 Kf7 60. Ka4 Bc7
61. Kb5 Bd8 62. Ka6 Bc7 63. Rc4 1-0

[Event "4th Gideon Japhet Mem Op"]
[Site "Jerusalem ISR"]
[Date "2018.07.01"]
[Round "1.2"]
[White "Lorscheid, Gerhard"]
[Black "Nabaty, Tamir"]
[Result "0-1"]
[WhiteTitle "FM"]
[BlackTitle "GM"]
[WhiteElo "2200"]
[BlackElo "2692"]
[WhiteFideId "4606000"]
[BlackFideId "2809052"]
[EventDate "2018.07.01"]

1. d4 d5 2. c4 e6 3. cxd5 exd5 4. Nc3 c6 5. Bf4 Bf5 6. e3 Qb6 7. Qc1 Nf6 8. Nge2
h6 9. Ng3 Bh7 10. Be2 Nbd7 11. h4 Be7 12. h5 O-O 13. O-O Rac8 14. Qd2 c5 15. Bf3
Rfd8 16. Rac1 Qe6 17. Rfe1 Nb6 18. b3 c4 19. Qb2 Bd3 20. e4 dxe4 21. Ngxe4 Qf5
22. Nxf6+ Bxf6 23. Be5 Nd7 24. Nd5 Bg5 25. Bf4 Re8 26. Bxg5 Qxg5 27. Rxe8+ Rxe8
28. Ne3 b5 29. Bc6 Re7 30. bxc4 bxc4 31. Qb5 Qf4 32. g3 Qxd4 33. Bxd7 Qxd7 34.
Qxd7 Rxd7 35. Rc3 Rc7 36. Nd5 Rc5 37. Nf4 Bb1 38. a4 Ba2 0-1

[Event "4th Gideon Japhet Mem Op"]
[Site "Jerusalem ISR"]
[Date "2018.07.01"]
[Round "1.15"]
[White "Kantsler, Boris"]
[Black "Gorodetzky, Matan"]
[Result "1/2-1/2"]
[WhiteTitle "GM"]
[WhiteElo "2422"]
[BlackElo "2060"]
[WhiteFideId "2805359"]
[BlackFideId "2813394"]
[EventDate "2018.07.01"]

1. d4 e6 2. c4 d5 3. Nf3 c5 4. cxd5 exd5 5. Nc3 Nc6 6. g3 Nf6 7. Bg2 Be7 8. O-O
O-O 9. dxc5 Bxc5 10. Na4 Be7 11. Be3 Re8 12. Rc1 Bg4 13. a3 Qd7 14. Re1 Rad8 15.
Bc5 d4 16. Bxe7 Qxe7 17. Nc5 b6 18. Nd3 Qd6 19. Qd2 Bxf3 20. Bxf3 Ne5 21. Nxe5
Qxe5 22. Red1 Qf5 23. Qd3 Qxd3 24. Rxd3 g5 25. Kf1 Re7 26. Rc4 Red7 27. b4 Kf8
28. a4 g4 29. Bg2 Ng8 30. Bc6 Rd6 31. Bb5 Ne7 32. Ke1 h5 33. Kd2 a5 34. bxa5
bxa5 35. Rc7 Ra8 36. Rc5 f5 37. Bc4 Rc8 38. Rxc8+ Nxc8 39. Rb3 Nb6 40. Bd3 Nxa4
41. Rb5 Rf6 42. Rxa5 Nb6 43. Rxf5 Nc4+ 44. Kc2 Rxf5 45. Bxf5 Ne5 46. Kb3 Ke7 47.
Kb4 Kd6 48. Be4 Nd7 49. Kc4 Ke5 50. Bg6 h4 51. gxh4 Nb6+ 52. Kd3 Nd5 53. Be8
Nf4+ 54. Kd2 Nh3 55. Ke1 Nf4 56. Bd7 Ng2+ 57. Kd2 Nxh4 58. Bxg4 Ng6 59. Kd3 Nf4+
60. Kc4 Ng2 61. h3 Nh4 62. Kc5 Ng6 63. Kc6 Nh4 64. Kc7 Ng6 65. Kd7 Nf8+ 66. Ke7
Ng6+ 67. Kf7 Nh4 68. Kg7 Ng2 69. Kg6 Kf4 70. Kf6 Nh4 71. Bc8 Nf3 72. exf3 d3 73.
Ba6 d2 74. Be2 d1=Q 75. Bxd1 1/2-1/2

[Event "4th Gideon Japhet Mem Op"]
[Site "Jerusalem ISR"]
[Date "2018.07.01"]
[Round "1.16"]
[White "Yaniv, Yuval"]
[Black "Gruenfeld, Yehuda"]
[Result "1/2-1/2"]
[BlackTitle "GM"]
[WhiteElo "2054"]
[BlackElo "2419"]
[WhiteFideId "2823900"]
[BlackFideId "2800020"]
[EventDate "2018.07.01"]

1. e4 c5 2. Nf3 e6 3. d4 cxd4 4. Nxd4 a6 5. Bd3 Bc5 6. Nb3 Be7 7. Qe2 d6 8. O-O
Nc6 9. Bd2 Nf6 10. f4 Nd7 11. Kh1 b6 12. Nc3 Bb7 13. Rae1 Nc5 14. Nxc5 bxc5 15.
Qg4 g6 16. f5 Ne5 17. Qh3 Qd7 18. Bh6 O-O-O 19. Bg7 Nxd3 20. cxd3 Rhg8 21. fxe6
fxe6 22. Rf7 h5 23. Na4 Kc7 24. Bc3 Rdf8 25. Rh7 e5 26. Ba5+ Kc6 27. Nc3 Qxh3
28. gxh3 Kd7 29. Kg2 Rh8 30. Rg7 Rfg8 31. Rf7 Rf8 32. Rg7 Rhg8 33. Rh7 Ke8 34.
b4 Rf7 35. Rxf7 Kxf7 36. bxc5 dxc5 37. Rf1+ Ke6 38. Rb1 Bc6 39. Rb6 Kd7 40. Rxa6
Ra8 41. Rxa8 Bxa8 42. Na4 Bc6 43. Nb6+ Ke6 44. Nc4 Ba4 45. Bc3 Bc2 46. Nb2 c4
47. Nxc4 Bxd3 48. Nxe5 Bxe4+ 49. Kg3 Bf6 50. Kf4 Bb1 51. h4 Bxa2 52. Bd4 Bb1 53.
Nf3 Be7 54. Bf2 Kd5 55. Bg3 Bf5 56. Ke3 Ba3 57. Ne1 Bc1+ 58. Kf3 Bg4+ 59. Kf2
Ke4 60. Ng2 Bb2 61. Nf4 Bd4+ 62. Kf1 Bf5 63. Kg2 Be3 64. Nh3 Kd3 65. Nf4+ Ke4
66. Nh3 Bc8 67. Nf2+ Kf5 68. Kf3 Bb6 69. Ke2 Ba6+ 70. Kf3 Bb7+ 71. Ke2 Bd4 72.
Kd3 Bb6 73. Ke2 Ba6+ 74. Kf3 Bc5 75. Bc7 Bb7+ 76. Kg3 Bb4 77. Bb8 Be1 78. Ba7
Bc6 79. Bb6 Bb4 80. Bc7 Bc5 81. Bb8 Bd4 82. Bc7 g5 83. hxg5 h4+ 84. Kxh4 Bxf2+
85. Kh5 Be8+ 86. Kh6 Bc5 87. Kg7 Kxg5 88. Be5 Kf5 89. Ba1 Bd6 90. Bb2 Ke6 91.
Ba1 Bxh2 92. Bb2 Bf4 93. Ba1 Bg5 94. Bb2 1/2-1/2

[Event "4th Gideon Japhet Mem Op"]
[Site "Jerusalem ISR"]
[Date "2018.07.01"]
[Round "1.17"]
[White "Shvayger, Yuliya"]
[Black "Rozen, Eytan"]
[Result "1/2-1/2"]
[WhiteTitle "IM"]
[WhiteElo "2409"]
[BlackElo "2044"]
[WhiteFideId "14100126"]
[BlackFideId "2816750"]
[EventDate "2018.07.01"]

1. e4 c6 2. d4 d5 3. exd5 cxd5 4. c4 e6 5. Nc3 Nc6 6. Nf3 Nf6 7. c5 Be7 8. Bb5
O-O 9. O-O Qc7 10. Re1 Rd8 11. Bg5 Bd7 12. Bh4 b6 13. Bg3 Qb7 14. Bxc6 Bxc6 15.
b4 Ne4 16. Qc2 Nxg3 17. hxg3 bxc5 18. bxc5 Rdb8 19. g4 Bd8 20. g3 Ba5 21. Rab1
Qa6 22. Rb3 Qc4 23. Rc1 Rxb3 24. axb3 Qxc3 25. Qxc3 Bxc3 26. Rxc3 f6 27. g5 Rb8
28. Kf1 Kf7 29. Ke2 Rb4 30. Kd2 Rb5 31. Kc2 Rb4 32. Re3 a5 33. Kc3 Rb8 34. gxf6
gxf6 35. Re1 Rb5 36. Ra1 e5 37. dxe5 Rxc5+ 38. Kb2 Bd7 39. Re1 Rc8 40. exf6 Kxf6
41. Nd4 a4 42. bxa4 Rc4 43. Nc2 Rxa4 44. Rh1 Kg7 45. Rd1 Be6 46. Kb3 Ra8 47. Nd4
Bd7 48. Re1 Kf6 49. Rh1 Kg6 50. Ne2 Kg7 51. Kb2 Be6 52. Kc3 Bf7 53. Kd3 Ra2 54.
Rc1 Bg6+ 55. Ke3 Ra8 56. Nf4 Bf7 57. Rc7 Kf6 58. Rc6+ Kg7 59. Rd6 Ra3+ 60. Ke2
Ra5 61. Kf3 Rb5 62. Kg4 Rb2 63. f3 Rb4 64. Kg5 Rb3 65. Rd7 Rxf3 66. Ne6+ Kh8 67.
Nf4 Rxg3+ 68. Kh4 Rg7 69. Nxd5 Bxd5 70. Rxd5 h6 71. Kh5 Rg5+ 72. Rxg5 hxg5 73.
Kxg5 1/2-1/2

[Event "4th Gideon Japhet Mem Op"]
[Site "Jerusalem ISR"]
[Date "2018.07.01"]
[Round "1.19"]
[White "Melia, Salome"]
[Black "Freidles, Victor"]
[Result "1-0"]
[WhiteTitle "IM"]
[WhiteElo "2392"]
[BlackElo "2035"]
[WhiteFideId "13602446"]
[BlackFideId "2807092"]
[EventDate "2018.07.01"]

1. e4 e5 2. Nf3 Nc6 3. Bc4 Bc5 4. O-O d6 5. c3 Nf6 6. d3 Bb6 7. Nbd2 Ne7 8. Bb3
Ng6 9. Nc4 O-O 10. h3 Be6 11. Ng5 Bxc4 12. Bxc4 c6 13. Bb3 d5 14. exd5 cxd5 15.
Nf3 Qd6 16. Bg5 Rad8 17. Nh4 h6 18. Nxg6 fxg6 19. Be3 Bc7 20. g3 Kh7 21. Re1 Nh5
22. Qg4 Nf6 23. Qh4 Nh5 24. Qg4 Nf6 25. Qb4 Qd7 26. Qh4 Qf5 27. g4 g5 28. Qxh6+
gxh6 29. gxf5 Rfe8 30. d4 e4 31. Bd1 Bf4 32. Be2 a6 33. Rac1 Rc8 34. c4 dxc4 35.
Bxc4 Rcd8 36. Be6 Re7 37. Rc5 Bd6 38. Rc2 Rc7 39. Rxc7+ Bxc7 40. Rc1 Bb6 41. d5
Bxe3 42. fxe3 Ne8 43. Rc4 Kg7 44. Rxe4 Kf6 45. Rc4 Ke5 46. Kf2 Nd6 47. Rc7 Rf8
48. Re7 Kf6 49. Rh7 Nxf5 50. Bxf5 Kxf5 51. Rxh6 Ke4+ 52. Ke2 Rc8 53. d6 Rc2+ 54.
Kd1 Rc5 55. Kd2 Rd5+ 56. Kc3 Kxe3 57. Kc4 Rd2 58. Kc5 Kf4 59. Rh7 Rxb2 60. d7
Rd2 61. Kb6 Kf5 62. Kc7 Rc2+ 63. Kxb7 Rd2 64. Kc7 Rc2+ 65. Kd8 Kf6 66. Ke8 Re2+
67. Kf8 Rd2 68. Rh6+ Kf5 69. Ke7 Re2+ 70. Kd6 Rd2+ 71. Kc7 1-0

[Event "4th Gideon Japhet Mem Op"]
[Site "Jerusalem ISR"]
[Date "2018.07.01"]
[Round "1.20"]
[White "Lukin, Elisha"]
[Black "Veinberg, Nimrod"]
[Result "1/2-1/2"]
[BlackTitle "FM"]
[WhiteElo "2016"]
[BlackElo "2390"]
[WhiteFideId "2813262"]
[BlackFideId "2810280"]
[EventDate "2018.07.01"]

1. d4 Nf6 2. c4 e6 3. Nc3 Bb4 4. e3 O-O 5. Ne2 Re8 6. a3 Bf8 7. g3 d5 8. Bg2
dxc4 9. Qa4 Nbd7 10. Qxc4 e5 11. O-O c6 12. Rd1 Qe7 13. b4 e4 14. Qb3 Nb6 15.
Qc2 Bf5 16. h3 a5 17. Bd2 Nc4 18. g4 Bg6 19. Nf4 Nxd2 20. Qxd2 axb4 21. axb4
Rxa1 22. Rxa1 Qxb4 23. Rb1 Qa5 24. Nxg6 Bb4 25. Rxb4 Qxb4 26. Ne5 Ra8 27. Kh2
Ra3 28. Nxe4 Qxd2 29. Nxd2 Ra2 30. Ndc4 Rxf2 31. Kg1 Rc2 32. Nd6 Rb2 33. Nexf7
Nd5 34. e4 Nf4 35. Bf1 Ne6 36. d5 Nd4 37. Ne5 cxd5 38. exd5 b5 39. Nb7 Ne2+ 40.
Bxe2 Rxe2 41. Nf3 Re7 42. Nc5 Rc7 43. Na6 Rc4 44. Kf2 b4 45. Nd2 Rd4 46. Ke3
Rxd5 47. Nxb4 Rd8 48. Ne4 Rd1 49. Nd3 g6 50. Ke2 Rh1 51. Nef2 Ra1 52. Kf3 Kg7
53. Kf4 Ra4+ 54. Ne4 Ra3 55. Ndf2 h6 56. Ke5 Rf3 57. Ke6 g5 58. Ke5 Kf7 59. Kd6
Ra3 60. Nc5 Re3 61. Ncd3 Kf6 62. Kd5 Re8 1/2-1/2

[Event "4th Gideon Japhet Mem Op"]
[Site "Jerusalem ISR"]
[Date "2018.07.02"]
[Round "2.1"]
[White "Melia, Salome"]
[Black "Naiditsch, Arkadij"]
[Result "0-1"]
[WhiteTitle "IM"]
[BlackTitle "GM"]
[WhiteElo "2392"]
[BlackElo "2697"]
[WhiteFideId "13602446"]
[BlackFideId "4650891"]
[EventDate "2018.07.01"]

1. e4 e5 2. Nf3 Nc6 3. Bc4 Nf6 4. d3 Be7 5. O-O O-O 6. Re1 d6 7. a4 Kh8 8. a5 a6
9. c3 Ng8 10. d4 Bg4 11. d5 Nb8 12. Bd3 Nd7 13. b4 c6 14. c4 cxd5 15. cxd5 Rc8
16. Bb2 Bg5 17. h3 Bxf3 18. Qxf3 Ne7 19. Qe2 f5 20. Nc3 f4 21. Qd1 f3 22. g3 Ng6
23. Bf1 h5 24. Ra3 h4 25. g4 Qc7 26. b5 Nc5 27. bxa6 bxa6 28. Na2 Rb8 29. Bc3
Qa7 30. Bb4 Rf4 31. Qc2 Rf7 32. Rc3 Rfb7 33. Ba3 Nf4 34. Rxf3 Nb3 35. Rc3 Nd4
36. Qd1 Be7 37. Qa4 Rb1 38. Rcc1 Nf3+ 39. Kh1 Qxf2 0-1

[Event "4th Gideon Japhet Mem Op"]
[Site "Jerusalem ISR"]
[Date "2018.07.02"]
[Round "2.2"]
[White "Nabaty, Tamir"]
[Black "Zilberman, Yaacov"]
[Result "1/2-1/2"]
[WhiteTitle "GM"]
[BlackTitle "GM"]
[WhiteElo "2692"]
[BlackElo "2374"]
[WhiteFideId "2809052"]
[BlackFideId "2801612"]
[EventDate "2018.07.01"]

1. e4 c6 2. Nc3 d5 3. Nf3 dxe4 4. Nxe4 Nf6 5. Nxf6+ gxf6 6. g3 Bg4 7. Bg2 Nd7 8.
d4 e6 9. O-O Qc7 10. c4 O-O-O 11. Qa4 Nb6 12. Qxa7 Nxc4 13. Bf4 Bd6 14. Nd2 Be2
15. Bxd6 Qxd6 16. Nxc4 Bxc4 17. Rfc1 Qxd4 18. Qa4 Be2 19. Qa8+ Kd7 20. Qxb7+ Ke8
21. Rxc6 Kf8 22. Rc7 Bh5 23. Bf3 Bg6 24. Rd1 Qxd1+ 25. Bxd1 Rxd1+ 26. Kg2 Kg7
27. Rc8 Rxc8 28. Qxc8 Be4+ 29. Kh3 Rd2 30. Qc4 Bf5+ 31. g4 Bb1 32. Kg3 h6 33. h4
Rxb2 34. g5 hxg5 35. hxg5 Rxa2 36. Qb3 Ra5 37. gxf6+ Kg6 38. Qxb1+ Rf5 39. Qb8
Kxf6 40. Qh8+ Ke7 41. Kg4 Rd5 42. Qb8 Rf5 43. Qb4+ Ke8 44. Qa3 Rd5 45. Qb2 Rf5
46. Qg7 Ke7 47. Qh8 Rd5 48. Kf4 Rf5+ 49. Ke4 Rd5 50. Qb8 Rf5 51. Qb4+ Ke8 52.
Qd6 Rd5 53. Qxd5 exd5+ 54. Kxd5 Ke7 55. Ke5 f6+ 56. Kf5 Kf7 57. f3 Kg7 58. Ke6
Kg6 59. f4 f5 60. Ke5 Kg7 61. Kxf5 Kf7 62. Ke4 1/2-1/2

[Event "4th Gideon Japhet Mem Op"]
[Site "Jerusalem ISR"]
[Date "2018.07.02"]
[Round "2.8"]
[White "Oratovsky, Michael"]
[Black "Friedland, Moshe"]
[Result "1-0"]
[WhiteTitle "GM"]
[BlackTitle "FM"]
[WhiteElo "2461"]
[BlackElo "2286"]
[WhiteFideId "2802090"]
[BlackFideId "2812843"]
[EventDate "2018.07.01"]

1. e4 c5 2. Nf3 d6 3. Bb5+ Bd7 4. Bxd7+ Nxd7 5. O-O Ngf6 6. Qe2 Rc8 7. c3 e6 8.
d4 cxd4 9. cxd4 d5 10. e5 Ng8 11. Nc3 a6 12. Ng5 Be7 13. Qg4 h5 14. Qg3 Nf8 15.
h4 Nh6 16. Qd3 Nf5 17. g3 Nh7 18. Nf3 g5 19. hxg5 Bxg5 20. Ne2 Rg8 21. Kh1 Be7
22. Rg1 Ng5 23. Bxg5 Bxg5 24. g4 hxg4 25. Rxg4 Kd7 26. Rag1 Rh8+ 27. Kg2 Be7 28.
Qb3 Kc7 29. Rc1+ Kb8 30. Rxc8+ Qxc8 31. Qc3 Qd7 32. Ng3 Nh4+ 33. Nxh4 Bxh4 34.
Rg7 Qe7 35. Qf3 Bxg3 36. fxg3 Qb4 37. Qf2 Rf8 38. g4 Qc4 39. b3 Qd3 40. Rxf7
Rxf7 41. Qxf7 Qe4+ 42. Qf3 Qxd4 43. Qf8+ Kc7 44. Qd6+ Kc8 45. Qxe6+ Kb8 46. Qf5
Qd2+ 47. Qf2 Qd3 48. Qe1 Qg6 49. Kg3 Qd3+ 50. Kf4 Qd4+ 51. Kf5 Kc8 52. e6 Kd8
53. Qe5 Qd3+ 54. Kg5 d4 55. Qd5+ Kc8 56. Qd7+ Kb8 57. e7 Qe3+ 58. Kh5 Qh3+ 59.
Kg6 Qd3+ 60. Kg7 1-0

[Event "4th Gideon Japhet Mem Op"]
[Site "Jerusalem ISR"]
[Date "2018.07.02"]
[Round "2.11"]
[White "Erenberg, Ariel"]
[Black "Gleizer, Mark"]
[Result "0-1"]
[WhiteTitle "IM"]
[BlackTitle "FM"]
[WhiteElo "2393"]
[BlackElo "2161"]
[WhiteFideId "2811634"]
[BlackFideId "2802112"]
[EventDate "2018.07.01"]

1. d4 Nf6 2. c4 e6 3. Nf3 b6 4. g3 Ba6 5. Qb3 d5 6. cxd5 Qxd5 7. Qc2 Nc6 8. Nc3
Nb4 9. Qd1 Qf5 10. Bg2 O-O-O 11. O-O Qc2 12. a3 Qxd1 13. Rxd1 Nbd5 14. Ne5 Nxc3
15. bxc3 Bxe2 16. Re1 Bh5 17. Nc6 Bd6 18. Nxd8 Rxd8 19. c4 c5 20. d5 exd5 21.
cxd5 Ne8 22. Bb2 Bg4 23. Re3 f6 24. h3 Bd7 25. Rc1 Nc7 26. f4 Ba4 27. Be4 Kb8
28. Kf2 h6 29. Kf3 Be8 30. Rd3 Bf7 31. Rcd1 Rf8 32. g4 Be8 33. Bf5 Bb5 34. R3d2
g5 35. fxg5 hxg5 36. Ke4 Re8+ 37. Be6 Bf4 38. Rf2 Bc4 39. Kf5 Nxe6 40. dxe6
Bxe6+ 41. Kxf6 Bc8 42. Kf7 Re4 43. Rd8 b5 44. Re8 Rxe8 45. Kxe8 a5 46. Rc2 Be3
47. Re2 Bf4 48. Be5+ Kb7 49. Bxf4 gxf4 50. Kd8 b4 51. Re7+ Kb8 52. Rc7 Ba6 53.
Rxc5 b3 54. Rc1 f3 55. Rb1 a4 56. Rb2 Be2 57. g5 f2 0-1

[Event "4th Gideon Japhet Mem Op"]
[Site "Jerusalem ISR"]
[Date "2018.07.02"]
[Round "2.15"]
[White "Itzhaky, Shmuel"]
[Black "Kantsler, Boris"]
[Result "0-1"]
[BlackTitle "GM"]
[WhiteElo "2111"]
[BlackElo "2422"]
[WhiteFideId "2810140"]
[BlackFideId "2805359"]
[EventDate "2018.07.01"]

1. d4 d6 2. Nf3 g6 3. c4 Bg7 4. Nc3 e5 5. e3 Nd7 6. Be2 Ne7 7. O-O O-O 8. b4 h6
9. a4 f5 10. Qb3 Kh7 11. a5 e4 12. Nd2 Nf6 13. b5 Be6 14. Ba3 Re8 15. Rac1 Bf7
16. Kh1 Rb8 17. Rc2 g5 18. f3 exf3 19. Bxf3 Bg6 20. Nd5 Nexd5 21. cxd5 h5 22.
Rc3 b6 23. a6 Re7 24. Bd1 Qg8 25. Bc2 Nxd5 26. Bxf5 Bxf5 27. Rxf5 Nxc3 28. Qxc3
Qe6 29. Qc2 Kg8 30. Rxg5 Qxe3 31. Qc4+ Rf7 32. Nf3 Qxa3 33. h4 Qa1+ 34. Kh2 Qb1
35. Rxh5 Qg6 36. Qd5 Re8 37. Rg5 Qe4 38. Qb3 Kf8 39. Rh5 Qf4+ 40. Kh3 Re3 0-1

[Event "4th Gideon Japhet Mem Op"]
[Site "Jerusalem ISR"]
[Date "2018.07.02"]
[Round "3.1"]
[White "Naiditsch, Arkadij"]
[Black "Ushenina, Anna"]
[Result "1-0"]
[WhiteTitle "GM"]
[BlackTitle "GM"]
[WhiteElo "2697"]
[BlackElo "2447"]
[WhiteFideId "4650891"]
[BlackFideId "14110911"]
[EventDate "2018.07.01"]

1. e4 c5 2. Nf3 d6 3. d4 cxd4 4. Nxd4 Nf6 5. Nc3 a6 6. g3 e5 7. Nb3 Be6 8. Bg2
Be7 9. O-O O-O 10. a4 Nbd7 11. Re1 Qc7 12. Nd2 Qc5 13. Nf1 Bd8 14. h3 Ba5 15.
Be3 Qc7 16. Bd2 Nb6 17. Ne3 Nc4 18. Nxc4 Bxc4 19. Nb1 Be6 20. Na3 Bxd2 21. Qxd2
Rfd8 22. c4 Qd7 23. Kh2 Qxa4 24. Re3 Qc6 25. f4 b5 26. f5 Bc8 27. g4 Bb7 28. Qe2
bxc4 29. g5 Ne8 30. Nxc4 Qb5 31. Ra5 Qb4 32. Raa3 Rab8 33. Rab3 Qa4 34. Rb6 Qd7
35. Reb3 Qc7 36. Ne3 d5 37. f6 Nd6 38. Qh5 dxe4 39. fxg7 Bc6 40. Ng4 Ne8 41.
Rxb8 Rxb8 42. Rxb8 1-0

[Event "4th Gideon Japhet Mem Op"]
[Site "Jerusalem ISR"]
[Date "2018.07.02"]
[Round "3.2"]
[White "Birnboim, Nathan"]
[Black "Yuffa, Daniil"]
[Result "1-0"]
[WhiteTitle "IM"]
[BlackTitle "GM"]
[WhiteElo "2353"]
[BlackElo "2577"]
[WhiteFideId "2800209"]
[BlackFideId "24131423"]
[EventDate "2018.07.01"]

1. d4 Nf6 2. c4 e6 3. g3 c5 4. d5 exd5 5. cxd5 d6 6. Bg2 g6 7. Nf3 Bg7 8. Nc3
O-O 9. O-O Re8 10. Nd2 a6 11. a4 Nbd7 12. a5 b5 13. axb6 Nxb6 14. Nb3 Nc4 15.
Ra4 Nb6 16. Ra2 Nc4 17. Ra4 Nb6 18. Ra2 Bd7 19. Na5 Qc7 20. Qc2 Re5 21. Rd1 Rae8
22. Bf4 Rh5 23. Nc6 g5 24. Bc1 Qc8 25. Qb3 Bh3 26. Bf3 Bg4 27. Bg2 Bh3 28. Bf3
Bg4 29. Bg2 Na8 30. Qc4 Nc7 31. f3 Bd7 32. g4 Rh6 33. Bxg5 Rg6 34. h4 Nfxd5 35.
Nxd5 Nxd5 36. Rxd5 Bxc6 37. Rf5 Bd7 38. e4 Bd4+ 39. Kh1 Bxf5 40. gxf5 d5 41.
Qxd5 Rb6 42. Bf1 h6 43. Bc4 Qc7 44. Bf4 Qe7 45. b3 Rd8 46. Rg2+ Kf8 47. f6 Rxf6
48. Qh5 Rg6 49. Rxg6 fxg6 50. Bxh6+ Bg7 51. Qxg6 Rd7 52. Qf5+ Ke8 53. Bg5 Rd1+
54. Kg2 Qd7 55. Qxd7+ Kxd7 56. Bxa6 Kd6 57. Bc4 Ke5 58. Bd5 Kd4 59. Kg3 Rh1 60.
Kg4 Be5 61. f4 Bc7 62. h5 Bd6 63. Bc6 Bf8 64. Bf6+ Ke3 65. e5 Rf1 66. Bg5 Kd4
67. h6 Ra1 68. e6 Ra7 69. Bd7 Ke4 70. f5 Ra1 71. f6 Bxh6 72. Bxh6 Rg1+ 73. Kh5
Kf5 74. e7+ 1-0

[Event "4th Gideon Japhet Mem Op"]
[Site "Jerusalem ISR"]
[Date "2018.07.02"]
[Round "3.4"]
[White "Gleizer, Mark"]
[Black "Oratovsky, Michael"]
[Result "0-1"]
[WhiteTitle "FM"]
[BlackTitle "GM"]
[WhiteElo "2161"]
[BlackElo "2461"]
[WhiteFideId "2802112"]
[BlackFideId "2802090"]
[EventDate "2018.07.01"]

1. d4 d6 2. e4 Nf6 3. f3 d5 4. e5 Nfd7 5. e6 fxe6 6. f4 c5 7. c3 cxd4 8. cxd4 g6
9. Nf3 Bg7 10. h4 Nc6 11. h5 Qb6 12. hxg6 hxg6 13. Rxh8+ Bxh8 14. Bd3 Nf8 15.
Be3 Qxb2 16. Nbd2 Qc3 17. Ke2 Nb4 18. Bb5+ Bd7 19. Bxd7+ Nxd7 20. Rb1 Qd3+ 21.
Kf2 Nc6 22. Rb3 Qa6 23. Qb1 O-O-O 24. Rb2 g5 25. Nb3 gxf4 26. Bxf4 Rf8 27. Qc1
Qd3 28. Re2 Qf5 29. g3 e5 30. dxe5 Nxe5 31. Ne1 Ng6 32. Rc2 Nxf4 33. Rxc6+ Kb8
34. gxf4 bxc6 35. Ng2 Qf6 36. Qc5 Qb2+ 37. Kg1 Rg8 38. Qb4+ Kc8 0-1

[Event "4th Gideon Japhet Mem Op"]
[Site "Jerusalem ISR"]
[Date "2018.07.02"]
[Round "3.5"]
[White "Shvayger, Yuliya"]
[Black "Nabaty, Tamir"]
[Result "0-1"]
[WhiteTitle "IM"]
[BlackTitle "GM"]
[WhiteElo "2409"]
[BlackElo "2692"]
[WhiteFideId "14100126"]
[BlackFideId "2809052"]
[EventDate "2018.07.01"]

1. e4 c6 2. d4 d5 3. exd5 cxd5 4. c4 Nf6 5. Nc3 g6 6. Qb3 e6 7. Nf3 Bg7 8. cxd5
exd5 9. Bb5+ Nc6 10. Qa3 Qe7+ 11. Qxe7+ Kxe7 12. O-O Be6 13. b3 Rhc8 14. Ba3+
Kd8 15. Na4 Ne4 16. Bxc6 Rxc6 17. Ne5 Rc2 18. f3 Nc3 19. Nxc3 Rxc3 20. Rac1 Rxc1
21. Rxc1 Bh6 22. Rc3 Bd2 23. Rd3 Ba5 24. Bc5 Rc8 25. b4 Bc7 26. Re3 b6 27. Bf8
Ke8 28. Bh6 Bd6 29. a3 Be7 30. Bf4 Rc1+ 31. Kf2 g5 32. Bg3 a5 33. bxa5 bxa5 34.
Nd3 Rc2+ 35. Re2 Rxe2+ 36. Kxe2 Bxa3 37. Be1 a4 38. Bb4 Bxb4 39. Nxb4 Ke7 40.
Kd2 Kf6 41. Nc2 g4 42. f4 g3 43. hxg3 Kf5 44. Ke3 Kg4 45. Kf2 Kh5 46. Ke2 Bf5
47. Na3 Kg4 48. Kf2 Be4 49. Nb5 h5 50. Na3 Bd3 51. Ke3 Kxg3 52. Kxd3 h4 53. Nb5
Kxg2 54. Nc3 h3 55. Nxd5 h2 56. Ne3+ Kf3 0-1

[Event "4th Gideon Japhet Mem Op"]
[Site "Jerusalem ISR"]
[Date "2018.07.02"]
[Round "3.7"]
[White "Zilberman, Yaacov"]
[Black "Steinberg, Nitzan"]
[Result "1/2-1/2"]
[WhiteTitle "GM"]
[BlackTitle "GM"]
[WhiteElo "2374"]
[BlackElo "2521"]
[WhiteFideId "2801612"]
[BlackFideId "2801795"]
[EventDate "2018.07.01"]

1. d4 Nf6 2. c4 e6 3. Nc3 Bb4 4. e3 O-O 5. Ne2 Re8 6. a3 Bf8 7. Ng3 d5 8. Be2 a5
9. O-O c5 10. dxc5 Bxc5 1/2-1/2

[Event "4th Gideon Japhet Mem Op"]
[Site "Jerusalem ISR"]
[Date "2018.07.02"]
[Round "3.8"]
[White "Yaniv, Yuval"]
[Black "Zanan, Evgeny"]
[Result "0-1"]
[BlackTitle "IM"]
[WhiteElo "2054"]
[BlackElo "2497"]
[WhiteFideId "2823900"]
[BlackFideId "24101940"]
[EventDate "2018.07.01"]

1. e4 c5 2. Nf3 d6 3. d4 cxd4 4. Nxd4 Nf6 5. Nc3 a6 6. Bg5 Nbd7 7. Qe2 h6 8. Bh4
g6 9. f4 e5 10. fxe5 dxe5 11. O-O-O Qc7 12. Nb3 b6 13. Kb1 Bb7 14. Nd5 Nxd5 15.
exd5 Bd6 16. Qg4 Bc8 17. Qf3 O-O 18. Qe3 Kg7 19. g4 Nc5 20. Bh3 f6 21. Rhf1 g5
22. Bg3 Bd7 23. Nxc5 bxc5 24. c4 Qc8 25. Rg1 Bxg4 26. Bxg4 Qxg4 27. Qd3 Qd7 28.
h4 g4 29. Qe4 Rae8 30. Bf2 f5 31. Qd3 e4 32. Qa3 Qc8 33. b4 cxb4 34. Qb2+ Kh7
35. c5 e3 36. cxd6 exf2 37. Qxf2 Qd7 38. Rge1 Qxd6 39. Rxe8 Rxe8 40. h5 f4 41.
Qc2+ Kh8 42. Qf5 g3 43. Rc1 g2 44. Rg1 Qb6 45. Rxg2 Re1+ 0-1